Pursuing Melville, 1940-1980 : chapters and essays /

Bibliographic Details
Main Author: Sealts, Merton M.
Format: Book
Language:English
Published: Madison, Wis. : University of Wisconsin Press, 1982.
Subjects:

MARC

Tag First Indicator Second Indicator Subfields
LEADER 00000pam a2200000 a 4500
001 in00000097726
005 20150924085434.0
008 820201s1982 wiuc b s00110deng
010 |a  81070014  
020 |a 0299088707 :  |c $27.50 
035 |a (OCoLC)08195485 
035 |9 AAK9351AM 
039 0 |a 2  |b 3  |c 3  |d 3  |e 3 
040 |a DLC  |c DLC  |d TXA  |d UtOrBLW 
049 |a TXAM  |c [933633] 
050 0 0 |a PS2386  |b  S43 1982 
082 0 |a 813/.3  |2 19 
100 1 |a Sealts, Merton M. 
245 1 0 |a Pursuing Melville, 1940-1980 :  |b chapters and essays /  |c by Merton M. Sealts, Jr. 
264 1 |a Madison, Wis. :  |b University of Wisconsin Press,  |c 1982. 
300 |a xi, 419 pages :  |b portrait ;  |c 24 cm. 
336 |a text  |b txt  |2 rdacontent 
337 |a unmediated  |b n  |2 rdamedia 
338 |a volume  |b nc  |2 rdacarrier 
504 |a Includes bibliographical references and index. 
600 1 0 |a Melville, Herman,  |d 1819-1891  |x Miscellanea. 
600 1 0 |a Sealts, Merton M. 
600 1 0 |a Olson, Charles,  |d 1910-1970.  |t Correspondence. 
999 |a MARS 
999 f f |s fe4edd44-70ae-336d-a4fc-484e0e8ecd17  |i 65d0cc03-17da-3319-8f22-0d7b5810640b  |t 0 
952 f f |p normal  |a Texas A&M University  |b College Station  |c Sterling C. Evans Library  |d Evans: Library Stacks  |t 0  |e PS2386 S43 1982  |h Library of Congress classification  |i unmediated -- volume  |m A14806021425 
998 f f |a PS2386 S43 1982  |t 0  |l Evans: Library Stacks